01095 2200373 4500001002100000005001500021007000300036008004100039020002200080035002000102040001700122041000800139082001000147084001600157090002000173100001700193245011800210250000900328260003000337300005400367504002500421650001500446700002600461700003600487850001000523990002400533990002400557990002400581990002300605990002400628990002300652990002300675990002300698INLIS00000000000196520260603125634ta260603 0  a978-979-29-7105-7 a0010-0120000408 aSBPUPADbind aind a302.2 a302.2 SHI k a302.2 SHI k 7-40 aShirley Bach1 aKomunikasi dan Keterampilan Interpersonal dalam Keperawatan /cShirley Bach dan Alec Grant; Editor: Purindraswari aEd.1 aYogyakarta :bAndi,c2018 axxvi, 265 hlm. ;c23 cmeBibliografi, hlm 267-286 aBibliografi, hlm 267 4aKomunikasi aEditor: Purindraswari aPenerjemah, Munash Fauzie Anwar aPUPAD a33.327/DAK/DPK/2019 a33.327/DAK/DPK/2019 a33.328/DAK/DPK/2019 a33.328DAK/DPK/2019 a33.329/DAK/DPK/2019 a33.329DAK/DPK/2019 a33.330DAK/DPK/2019 a33.331DAK/DPK/2019